000 00446nam a2200169Ia 4500
003 GCL
008 140319s9999 xx 000 0 ara d
040 _aGCL /
_cGCL
082 0 4 _a370.1
_bف ت
100 1 _aفخرى رشيد خضر
245 1 0 _aتطور الفكر التربوى /
_cفخرى رشيد خضر
300 _a238 ؛
_c24 سم
650 0 4 _aتاريخ
650 0 4 _aالتربية
650 0 4 _aنظريات
942 _2ddc
_cBK
999 _c43761
_d43761